Biofisica. Electricidad. (Registro nro. 703)
[ vista simple ]
| 000 -LEADER | |
|---|---|
| fixed length control field | 00795 am a2200253 a 4500 |
| 005 - FECHA ULTIMA MODIFICACION | |
| control field | 20240701093653.0 |
| 008 - CAMPO DE CONTROL (LIBRO) | |
| fixed length control field | 100907s1988||||ag d f |||| 001 0 spa d |
| 020 ## - INTERNATIONAL STANDARD BOOK NUMBER | |
| ISBN | 9504305504 |
| 041 ## - CODIGO DE IDIOMA | |
| Código de idioma del texto/pista de sonido o título separado | spa |
| 092 ## - SIGNATURA TOPOGRAFICA DEWEY LOCAL | |
| número de clasificación | 574.191 |
| libristica | 11 |
| sección | CEL |
| 100 1# - ENTRADA PRINCIPAL--NOMBRE PERSONAL | |
| Nombre personal | Celani Barry, Jorge D. |
| 9 (RLIN) | 1430 |
| 245 ## - TITULO PROPIAMENTE DICHO | |
| Título | Biofisica. Electricidad. |
| Subtítulo y Título paralelo | Guía de trabajo prácticos / |
| Mención de responsabilidad y remanente de la transcripción de la portada | Jorge D. Celani Barry. |
| 250 ## - MENCION DE EDICION | |
| Mención de edición | 1a ed. 2a reimp. |
| 260 ## - PIE DE IMPRENTA | |
| Lugar de publicación, distribución, etc | Buenos Aires: |
| Nombre de la editorial, distribuidor, etc | CTM; |
| Fecha de publicación | 1988. |
| 300 ## - DESCRIPCION FISICA | |
| Extension | 80 p. |
| 500 ## - NOTA GENERAL | |
| Nota general | Celani Barry, J. D. (1988). Biofisica. Electricidad. Guía de trabajo prácticos. (1a ed.). Buenos Aires : CTM. |
| 653 ## - TÉRMINO INDIZADO - PALABRAS CLAVES | |
| Palabra clave | Electrostática |
| 653 ## - TÉRMINO INDIZADO - PALABRAS CLAVES | |
| Palabra clave | Electrodinamia |
| 653 ## - TÉRMINO INDIZADO - PALABRAS CLAVES | |
| Palabra clave | Electrónica |
| 653 ## - TÉRMINO INDIZADO - PALABRAS CLAVES | |
| Palabra clave | Instrumentación |
| 653 ## - TÉRMINO INDIZADO - PALABRAS CLAVES | |
| Palabra clave | Accidentes por electricidad |
| 930 ## - NUMERO DE INVENTARIO | |
| Número de inventario | 732 |
| 942 ## - ADDED ENTRY ELEMENTS (KOHA) | |
| Source of classification or shelving scheme | Dewey Decimal Classification |
| Item type | Libros |
| Estado de retiro | Existencia | Estado general | No para prestamo | Ubicación permanente | ubicación actual | Sala de ubicación | Fecha de adquisición | Total Checkouts | Número de clasificación | Código de barras | Date last seen | Número de ejemplar | Price effective from | Koha tipo de elemento (item) |
|---|---|---|---|---|---|---|---|---|---|---|---|---|---|---|
| Biblioteca Medicina | Biblioteca Medicina | Circulación | 13/05/2011 | 574.191 11 CEL | 732 | 06/11/2014 | ej.1 | 13/05/2011 | Libros |